Convergence and uniformity in topology /
Guardado en:
| Autor Principal: | |
|---|---|
| Formato: | Libro |
| Idioma: | English |
| Publicado: |
Princeton : London :
Princeton University Press ; H. Milford, Oxford University Press,
1940.
|
| Series: | Annals of mathematics studies ;
no. 2 |
| Materias: | |
| Etiquetas: |
Agregar Etiqueta
Sin Etiquetas, Sea el primero en etiquetar este registro!
|
| LEADER | 00865cam a22002291a 4500 | ||
|---|---|---|---|
| 001 | MAT.inmabb003520 | ||
| 008 | 781128s1940####nju###########000#0#eng## | ||
| 005 | 20130416155843.0 | ||
| 245 | 1 | 0 | |a Convergence and uniformity in topology / |c by John W. Turkey. |
| 260 | |a Princeton : |b Princeton University Press ; |a London : |b H. Milford, Oxford University Press, |c 1940. | ||
| 300 | |a 2 p. h., iii-ix, 90 p. ; |c 23 cm. | ||
| 440 | 0 | |a Annals of mathematics studies ; |v no. 2 | |
| 500 | |a "Lithoprinted." | ||
| 500 | |a "In large part this material is drawn from my doctor's thesis (Princeton University, 1939)"--Introduction. | ||
| 504 | |a Bibliografía: p. 87-88. | ||
| 510 | 4 | |a MR, |c 2,67a | |
| 100 | 1 | |a Tukey, John Wilder, |d 1915- | |
| 650 | 0 | |a Topology | |
| 084 | |a 54A20 |2 msc2000 | ||
| 010 | |a 40035432 | ||
| 040 | |a DLC |c ViHarT |d DLC | ||
| 859 | |h 54 |i T916 |p A-4644 |b BIB. MATEMATICA | ||
